Zodiac: el asesino del zodíaco

Guardat en:
Dades bibliogràfiques
Autor principal: Graysmith, Robert (Autor)
Format: Llibre
Idioma:espanyol
Publicat: Barcelona Alba 2007
Edició:1a. ed
Matèries:
Etiquetes: Afegir etiqueta
Sense etiquetes, Sigues el primer a etiquetar aquest registre!

MARC

LEADER 00000cam a2200000 a 4500
001 UCF1706
003 CL-VaPUC
008 120723e20070300SP |||||||||||||||||spa|d
020 |a 9788484283331 
082 0 4 |a 813  |b GRA  |2 21 
100 0 |a Graysmith, Robert  |e author  |9 563192 
245 1 0 |a Zodiac: el asesino del zodíaco 
250 |a 1a. ed 
300 |a 389 p 
942 |c BK 
945 |d 20120723 00:00:00  |a dcastane 
260 |a Barcelona  |b Alba  |c 2007 
650 0 |a Novelas estadounidenses  |9 265217 
650 0 |a Literatura estadounidense  |9 317168 
583 |a last modification  |c 20140123 03:55:28  |k Rodrigo Vera 
999 |c 348394  |d 348392 
952 |0 0  |1 0  |4 0  |6 813_000000000000000_GRA_2007  |7 0  |8 A  |9 450380  |a BIBING  |b BIBING  |d 2019-11-22  |i 4883969  |l 5  |m 2  |o 813 GRA 2007  |p 4883969  |r 2025-01-20  |s 2023-10-04  |w 2019-11-22  |y BK  |k CUI